[Event "Hastings International"]
[Site "?"]
[Date "2018.01.07"]
[Round "14.1"]
[White "Vakhidov, Jakhongir"]
[Black "Hebden, Mark L"]
[Result "1/2-1/2"]
[BlackElo "2429"]
[WhiteElo "2516"]
[LiveChessVersion "1.4.8"]

1. d4 {[%clk 1:50:05]} Nf6 {[%clk 1:50:12]} 2. c4 {[%clk 1:49:51]} g6
{[%clk 1:49:52]} 3. g3 {[%clk 1:49:35]} Bg7 {[%clk 1:49:56]} 4. Bg2
{[%clk 1:49:22]} O-O {[%clk 1:49:55]} 5. Nc3 {[%clk 1:49:05]} d6 {[%clk 1:49:25]}
6. Nf3 {[%clk 1:48:50]} Nc6 {[%clk 1:49:20]} 7. O-O {[%clk 1:48:31]} Rb8
{[%clk 1:48:31]} 8. b3 {[%clk 1:48:10]} a6 {[%clk 1:48:10]} 9. d5
{[%clk 1:47:47]} Na5 {[%clk 1:48:10]} 10. Bg5 {[%clk 1:47:21]} c5
{[%clk 1:47:32]} 11. dxc6 {[%clk 1:47:01]} Nxc6 {[%clk 1:46:55]} 12. Rc1
{[%clk 1:46:39]} Bf5 {[%clk 1:46:23]} 13. Nd5 {[%clk 1:46:19]} Nxd5
{[%clk 1:39:21]} 14. cxd5 {[%clk 1:46:00]} Ne5 {[%clk 1:37:22]} 15. Nd4
{[%clk 1:45:35]} Bd7 {[%clk 1:33:22]} 16. Bd2 {[%clk 1:42:37]} Qb6
{[%clk 1:29:49]} 17. Bc3 {[%clk 1:42:21]} Rfc8 {[%clk 1:29:03]} 18. Qd2
{[%clk 1:36:05]} Rc5 {[%clk 1:28:17]} 19. Rc2 {[%clk 1:21:22]} Rbc8
{[%clk 1:26:14]} 20. Rfc1 {[%clk 1:19:43]} Ng4 {[%clk 1:24:49]} 21. e3
{[%clk 1:19:10]} Nf6 {[%clk 1:23:13]} 22. Bb2 {[%clk 0:49:58]} 1/2-1/2

[Event "Hastings International"]
[Site "?"]
[Date "2018.01.07"]
[Round "14.2"]
[White "Dong, Bao Nghia"]
[Black "Willson, Ollie"]
[Result "0-1"]
[BlackElo "2057"]
[WhiteElo "2153"]
[LiveChessVersion "1.4.8"]

1. d4 {[%clk 1:50:16]} Nf6 {[%clk 1:50:15]} 2. Nf3 {[%clk 1:50:22]} e6
{[%clk 1:49:53]} 3. h3 {[%clk 1:50:25]} d5 {[%clk 1:49:14]} 4. Bf4
{[%clk 1:49:44]} Bd6 {[%clk 1:48:24]} 5. Ne5 {[%clk 1:49:47]} c5 {[%clk 1:47:19]}
6. e3 {[%clk 1:49:31]} O-O {[%clk 1:47:05]} 7. c3 {[%clk 1:49:00]} Nc6
{[%clk 1:43:10]} 8. Bh2 {[%clk 1:48:07]} Qc7 {[%clk 1:33:41]} 9. f4
{[%clk 1:47:54]} Ne4 {[%clk 1:33:16]} 10. Bd3 {[%clk 1:47:57]} f5
{[%clk 1:32:32]} 11. O-O {[%clk 1:47:48]} Nxe5 {[%clk 1:24:47]} 12. fxe5
{[%clk 1:46:12]} Be7 {[%clk 1:24:44]} 13. g4 {[%clk 1:44:48]} Bg5
{[%clk 1:16:23]} 14. Qe1 {[%clk 1:38:45]} Qe7 {[%clk 1:10:00]} 15. Bxe4
{[%clk 1:36:46]} fxe4 {[%clk 1:09:49]} 16. Rxf8+ {[%clk 1:36:48]} Qxf8
{[%clk 1:09:39]} 17. h4 {[%clk 1:36:41]} Be7 {[%clk 1:09:19]} 18. Nd2
{[%clk 1:36:31]} Bd7 {[%clk 1:08:25]} 19. Qg3 {[%clk 1:35:15]} Qd8
{[%clk 1:05:42]} 20. g5 {[%clk 1:33:43]} Qb6 {[%clk 1:05:24]} 21. b4
{[%clk 1:24:34]} cxb4 {[%clk 1:04:23]} 22. c4 {[%clk 1:24:42]} Rf8
{[%clk 0:46:59]} 23. Qg4 {[%clk 1:21:11]} Qc6 {[%clk 0:38:58]} 24. Rc1
{[%clk 1:19:53]} Qa4 {[%clk 0:31:19]} 25. cxd5 {[%clk 1:17:14]} exd5
{[%clk 0:31:19]} 26. e6 {[%clk 1:15:45]} Bb5 {[%clk 0:30:45]} 27. Rc7
{[%clk 1:13:45]} Qxa2 {[%clk 0:29:37]} 28. Qd1 {[%clk 1:13:01]} Re8
{[%clk 0:22:45]} 29. Be5 {[%clk 1:10:20]} Qa6 {[%clk 0:20:36]} 30. Nb3
{[%clk 1:08:48]} Qxe6 {[%clk 0:19:46]} 31. Rxb7 {[%clk 1:06:10]} a6
{[%clk 0:18:00]} 32. Kg2 {[%clk 1:02:28]} Bd7 {[%clk 0:16:17]} 33. Qe1
{[%clk 1:01:03]} Qh3+ {[%clk 0:15:17]} 34. Kg1 {[%clk 1:01:10]} Rf8
{[%clk 0:08:04]} 35. Bf4 {[%clk 1:01:03]} Qg4+ {[%clk 0:07:35]} 36. Kh2
{[%clk 1:00:54]} Rc8 {[%clk 0:06:52]} 37. Rc7 {[%clk 0:57:09]} Rxc7
{[%clk 0:06:10]} 38. Bxc7 {[%clk 0:57:16]} Qh3+ {[%clk 0:05:03]} 39. Kg1
{[%clk 0:57:24]} Bg4 {[%clk 0:04:15]} 40. Kf2 {[%clk 0:51:01]} Qxh4+
{[%clk 0:03:38]} 41. Bg3 {[%clk 0:51:09]} Qxg5 {[%clk 0:03:47]} 42. Nd2
{[%clk 0:51:11]} Qf5+ {[%clk 0:03:39]} 43. Kg1 {[%clk 0:51:19]} Bf3
{[%clk 0:02:49]} 44. Kf2 {[%clk 0:49:36]} h5 {[%clk 0:02:30]} 45. Qg1
{[%clk 0:49:34]} Qg4 {[%clk 0:01:56]} 46. Qh2 {[%clk 0:49:42]} Bd1
{[%clk 0:01:59]} 47. Ke1 {[%clk 0:49:47]} b3 {[%clk 0:01:40]} 48. Nb1
{[%clk 0:49:29]} Bb4+ {[%clk 0:01:44]} 49. Kf1 {[%clk 0:49:34]} Qf3+
{[%clk 0:01:42]} 50. Bf2 {[%clk 0:49:36]} Be2+ {[%clk 0:01:43]} 51. Kg1
{[%clk 0:49:41]} Qg4+ {[%clk 0:01:45]} 52. Bg3 {[%clk 0:44:40]} h4
{[%clk 0:01:43]} 0-1

[Event "Hastings International"]
[Site "?"]
[Date "2018.01.07"]
[Round "14.3"]
[White "Gregory, Stephen J"]
[Black "Britton, Richard L"]
[Result "1/2-1/2"]
[BlackElo "2256"]
[WhiteElo "1951"]
[LiveChessVersion "1.4.8"]

1. e4 c5 {[%clk 1:45:23]} 2. Nf3 {[%clk 1:50:21]} d6 {[%clk 1:45:22]} 3. d4
{[%clk 1:50:25]} cxd4 {[%clk 1:45:28]} 4. Nxd4 {[%clk 1:50:28]} Nf6
{[%clk 1:45:33]} 5. Nc3 {[%clk 1:50:33]} a6 {[%clk 1:45:40]} 6. f4
{[%clk 1:50:23]} e5 {[%clk 1:42:51]} 7. Nb3 {[%clk 1:48:29]} Nbd7
{[%clk 1:42:32]} 8. Bd3 {[%clk 1:45:35]} Be7 {[%clk 1:34:22]} 9. O-O
{[%clk 1:44:14]} b5 {[%clk 1:33:29]} 10. Qf3 {[%clk 1:38:04]} Bb7
{[%clk 1:29:09]} 11. Bd2 {[%clk 1:34:40]} O-O {[%clk 1:28:34]} 12. a3
{[%clk 1:32:01]} Rc8 {[%clk 1:21:27]} 13. Rae1 {[%clk 1:24:12]} Qc7
{[%clk 1:01:16]} 14. Qh3 {[%clk 1:18:45]} Rfe8 {[%clk 0:54:41]} 15. Nd5
{[%clk 1:14:24]} Bxd5 {[%clk 0:31:30]} 16. exd5 {[%clk 1:14:24]} Bf8
{[%clk 0:31:14]} 17. fxe5 {[%clk 1:08:45]} dxe5 {[%clk 0:29:24]} 18. Bf5
{[%clk 1:04:11]} g6 {[%clk 0:27:50]} 19. Bxd7 {[%clk 0:59:47]} Nxd7
{[%clk 0:27:55]} 20. Qf3 {[%clk 0:58:02]} f6 {[%clk 0:27:41]} 21. Bc3
{[%clk 0:50:58]} Bxa3 {[%clk 0:26:45]} 22. d6 {[%clk 0:48:50]} Bxd6
{[%clk 0:25:39]} 23. Qd5+ {[%clk 0:47:52]} Kg7 {[%clk 0:25:44]} 24. Rd1
{[%clk 0:46:41]} Bc5+ {[%clk 0:25:24]} 25. Kh1 {[%clk 0:46:02]} Nb6
{[%clk 0:20:34]} 26. Qf3 {[%clk 0:44:02]} Be7 {[%clk 0:20:14]} 27. Ba5
{[%clk 0:42:46]} Qc6 {[%clk 0:20:03]} 28. Qh3 {[%clk 0:39:27]} Nc4
{[%clk 0:19:38]} 29. Rd7 {[%clk 0:35:19]} f5 {[%clk 0:18:30]} 30. Rfd1
{[%clk 0:33:07]} Nxa5 {[%clk 0:12:54]} 31. Nxa5 {[%clk 0:32:29]} Qxc2
{[%clk 0:05:06]} 32. Qe3 {[%clk 0:31:17]} Qc5 {[%clk 0:04:24]} 33. Qb3
{[%clk 0:30:13]} Rc7 {[%clk 0:02:15]} 34. Nb7 {[%clk 0:27:06]} Qc4
{[%clk 0:02:16]} 35. Qxc4 {[%clk 0:26:43]} Rxc4 {[%clk 0:02:04]} 36. Nd6
{[%clk 0:26:40]} Kf8 {[%clk 0:01:17]} 37. Nxe8 {[%clk 0:24:49]} Kxe8
{[%clk 0:01:25]} 38. Ra7 {[%clk 0:24:32]} e4 {[%clk 0:00:58]} 39. g3
{[%clk 0:22:53]} g5 {[%clk 0:00:49]} 40. Rd5 {[%clk 0:18:07]} Bc5
{[%clk 0:00:48]} 41. Ra8+ {[%clk 0:14:06]} Ke7 {[%clk 0:00:56]} 42. Rxf5
{[%clk 0:13:45]} e3 {[%clk 0:00:58]} 43. Re5+ {[%clk 0:11:44]} Kf6
{[%clk 0:01:06]} 44. Rae8 {[%clk 0:11:11]} g4 {[%clk 0:01:09]} 45. Re4
{[%clk 0:06:46]} Rc1+ {[%clk 0:01:15]} 46. Kg2 {[%clk 0:06:49]} e2
{[%clk 0:01:24]} 47. Rf4+ {[%clk 0:06:04]} Kg5 {[%clk 0:01:05]} 48. Rg8+
{[%clk 0:04:18]} Kh5 {[%clk 0:01:13]} 49. Rf5+ {[%clk 0:01:17]} 1/2-1/2

[Event "Hastings International"]
[Site "?"]
[Date "2018.01.07"]
[Round "14.4"]
[White "Grieve, Harry"]
[Black "Footner, Andrew F"]
[Result "1/2-1/2"]
[BlackElo "1981"]
[WhiteElo "2220"]
[LiveChessVersion "1.4.8"]

1. d4 {[%clk 1:50:16]} d5 {[%clk 1:50:10]} 2. Bg5 {[%clk 1:50:18]} c6
{[%clk 1:49:11]} 3. Nf3 {[%clk 1:50:06]} Qb6 {[%clk 1:48:36]} 4. Qc1
{[%clk 1:50:01]} Bf5 {[%clk 1:47:27]} 5. e3 {[%clk 1:49:40]} Nf6 {[%clk 1:46:16]}
6. c4 {[%clk 1:48:24]} dxc4 {[%clk 1:38:14]} 7. Bxc4 {[%clk 1:42:48]} Nbd7
{[%clk 1:37:20]} 8. O-O {[%clk 1:39:03]} e6 {[%clk 1:36:43]} 9. Nc3
{[%clk 1:36:28]} Bd6 {[%clk 1:35:45]} 10. Nd2 {[%clk 1:25:12]} Bg6
{[%clk 1:29:21]} 11. Be2 {[%clk 1:21:18]} O-O {[%clk 1:21:28]} 12. Nc4
{[%clk 1:15:11]} Qc7 {[%clk 1:21:31]} 13. f4 {[%clk 1:12:40]} Nd5
{[%clk 1:13:40]} 14. Bh4 {[%clk 1:07:20]} N7f6 {[%clk 1:11:20]} 15. g4
{[%clk 0:59:05]} h6 {[%clk 1:00:49]} 16. Bg3 {[%clk 0:50:50]} Nxc3
{[%clk 0:59:14]} 17. bxc3 {[%clk 0:50:29]} Ne4 {[%clk 0:59:17]} 18. Be1
{[%clk 0:40:58]} b5 {[%clk 0:58:09]} 19. Nxd6 {[%clk 0:36:24]} Nxd6
{[%clk 0:58:13]} 20. Qd1 {[%clk 0:33:34]} Be4 {[%clk 0:57:08]} 21. Bg3
{[%clk 0:31:20]} f5 {[%clk 0:56:48]} 22. g5 {[%clk 0:30:08]} Bd5 {[%clk 0:55:47]}
23. Bd3 {[%clk 0:23:33]} Qf7 {[%clk 0:54:30]} 24. Bh4 {[%clk 0:17:50]} 1/2-1/2

[Event "Hastings International"]
[Site "?"]
[Date "2018.01.07"]
[Round "14.5"]
[White "Ridge, Michael"]
[Black "Cove, Henry"]
[Result "1-0"]
[BlackElo "1875"]
[WhiteElo "1833"]
[LiveChessVersion "1.4.8"]

1. c4 {[%clk 1:50:18]} e6 {[%clk 1:48:58]} 2. Nc3 {[%clk 1:50:25]} d5
{[%clk 1:49:00]} 3. d4 {[%clk 1:50:33]} Nf6 {[%clk 1:48:45]} 4. cxd5
{[%clk 1:50:38]} exd5 {[%clk 1:48:42]} 5. Bg5 {[%clk 1:50:43]} c6
{[%clk 1:48:16]} 6. e3 {[%clk 1:50:50]} Be7 {[%clk 1:48:15]} 7. Qc2
{[%clk 1:50:55]} Nbd7 {[%clk 1:47:38]} 8. Nf3 {[%clk 1:50:23]} h6
{[%clk 1:47:25]} 9. Bf4 {[%clk 1:49:52]} O-O {[%clk 1:42:44]} 10. Bd3
{[%clk 1:49:52]} Nb6 {[%clk 1:37:32]} 11. h3 {[%clk 1:44:40]} Be6
{[%clk 1:36:14]} 12. O-O {[%clk 1:42:03]} Nc8 {[%clk 1:35:34]} 13. Rab1
{[%clk 1:39:54]} a5 {[%clk 1:35:00]} 14. a3 {[%clk 1:39:27]} Bd6 {[%clk 1:34:09]}
15. Be5 {[%clk 1:36:57]} Bxe5 {[%clk 1:28:12]} 16. Nxe5 {[%clk 1:34:56]} Qd6
{[%clk 1:20:22]} 17. f4 {[%clk 1:31:00]} c5 {[%clk 1:16:51]} 18. Nb5 1-0

[Event "Hastings International"]
[Site "?"]
[Date "2018.01.07"]
[Round "14.6"]
[White "Kelly, Paul J"]
[Black "Duggan, Michael Fg"]
[Result "0-1"]
[BlackElo "2089"]
[WhiteElo "1812"]
[LiveChessVersion "1.4.8"]

1. e4 {[%clk 1:50:18]} c6 {[%clk 1:46:19]} 2. d4 {[%clk 1:50:22]} d5
{[%clk 1:46:21]} 3. h4 {[%clk 1:50:29]} dxe4 {[%clk 1:45:32]} 4. Nc3
{[%clk 1:50:38]} Nf6 {[%clk 1:43:44]} 5. Bg5 {[%clk 1:50:40]} Qa5
{[%clk 1:39:18]} 6. a3 {[%clk 1:49:54]} h6 {[%clk 1:31:55]} 7. Bxf6
{[%clk 1:50:00]} gxf6 {[%clk 1:28:12]} 8. b4 {[%clk 1:50:02]} Qd8
{[%clk 1:21:53]} 9. Nxe4 {[%clk 1:49:42]} Bg7 {[%clk 1:18:17]} 10. c3
{[%clk 1:49:21]} Qd5 {[%clk 1:11:46]} 11. Ng3 {[%clk 1:35:17]} a5
{[%clk 1:10:35]} 12. Nh5 {[%clk 1:34:25]} Bf8 {[%clk 1:07:48]} 13. Be2
{[%clk 1:33:06]} Qxg2 {[%clk 1:04:36]} 14. Bf3 {[%clk 1:33:08]} Qg6
{[%clk 1:04:41]} 15. Ne2 {[%clk 1:31:27]} Rg8 {[%clk 1:01:40]} 16. Neg3
{[%clk 1:28:15]} Bg4 {[%clk 0:55:55]} 17. Nf4 {[%clk 1:25:25]} Bxf3
{[%clk 0:56:00]} 18. Qxf3 {[%clk 1:25:03]} Qg4 {[%clk 0:55:21]} 19. Qe3
{[%clk 1:22:53]} e6 {[%clk 0:46:36]} 20. Kd2 {[%clk 1:20:02]} Bd6
{[%clk 0:43:18]} 21. Nfh5 {[%clk 1:19:06]} Nd7 {[%clk 0:42:31]} 22. Qxh6
{[%clk 1:17:04]} O-O-O {[%clk 0:40:24]} 23. Qe3 {[%clk 1:13:52]} e5
{[%clk 0:33:59]} 24. bxa5 {[%clk 1:11:12]} f5 {[%clk 0:29:28]} 25. f3
{[%clk 1:06:01]} Qg6 {[%clk 0:26:12]} 26. Qg5 {[%clk 1:06:02]} exd4
{[%clk 0:24:42]} 27. Nxf5 {[%clk 1:05:36]} dxc3+ {[%clk 0:23:26]} 28. Kxc3
{[%clk 1:04:13]} Be5+ {[%clk 0:23:11]} 29. Kc2 {[%clk 1:03:42]} Qe6
{[%clk 0:22:37]} 30. Ne7+ {[%clk 1:03:21]} Kc7 {[%clk 0:22:21]} 31. Nxg8
{[%clk 1:03:18]} Qc4+ {[%clk 0:20:46]} 32. Kd2 {[%clk 1:02:40]} Bc3+
{[%clk 0:19:24]} 33. Ke3 {[%clk 1:01:57]} Qd4+ {[%clk 0:13:28]} 34. Ke2
{[%clk 1:01:51]} Bxa1 {[%clk 0:12:53]} 35. Rxa1 {[%clk 1:00:09]} Re8+
{[%clk 0:11:05]} 36. Ne7 {[%clk 1:00:10]} Qxa1 {[%clk 0:10:56]} 37. Kf2
{[%clk 0:59:17]} Qe5 {[%clk 0:10:00]} 38. Qxe5+ {[%clk 0:58:01]} Nxe5
{[%clk 0:10:08]} 39. Nf5 {[%clk 0:57:49]} Nd3+ {[%clk 0:09:31]} 40. Kg3
{[%clk 0:57:38]} c5 {[%clk 0:08:44]} 41. Nf6 {[%clk 0:57:42]} Re6
{[%clk 0:07:33]} 42. Ne4 {[%clk 0:57:37]} Rg6+ {[%clk 0:06:56]} 43. Kh2
{[%clk 0:57:32]} Kd7 {[%clk 0:06:17]} 44. h5 {[%clk 0:57:23]} Ra6
{[%clk 0:05:47]} 45. h6 {[%clk 0:57:14]} Ke6 {[%clk 0:04:58]} 46. Ng7+
{[%clk 0:54:26]} Ke5 {[%clk 0:04:42]} 47. Kg2 {[%clk 0:51:20]} Rxh6
{[%clk 0:04:34]} 48. Kf1 {[%clk 0:51:20]} Ra6 {[%clk 0:03:59]} 49. Ke2
{[%clk 0:51:19]} Nf4+ {[%clk 0:04:06]} 50. Ke3 {[%clk 0:51:20]} Rxa5
{[%clk 0:03:59]} 51. Ne8 {[%clk 0:51:04]} Rxa3+ {[%clk 0:04:05]} 52. Kf2
{[%clk 0:51:00]} c4 {[%clk 0:03:48]} 53. Nc7 {[%clk 0:50:56]} Ra2+
{[%clk 0:03:41]} 54. Ke1 {[%clk 0:50:52]} Rb2 {[%clk 0:03:15]} 55. Nc3
{[%clk 0:50:39]} Nd3+ {[%clk 0:03:11]} 56. Kd1 {[%clk 0:50:36]} Kd4
{[%clk 0:03:06]} 57. N7b5+ {[%clk 0:48:54]} Ke3 {[%clk 0:03:07]} 58. Nd5+
{[%clk 0:48:17]} Kxf3 {[%clk 0:03:15]} 59. Nbc3 {[%clk 0:48:15]} b5
{[%clk 0:03:20]} 60. Nb6 {[%clk 0:46:33]} b4 {[%clk 0:02:41]} 61. Ncd5
{[%clk 0:46:17]} c3 {[%clk 0:02:46]} 62. Nxb4 {[%clk 0:44:57]} Rd2#
{[%clk 0:02:50]} 0-1

[Event "Hastings International"]
[Site "?"]
[Date "2018.01.07"]
[Round "14.7"]
[White "Ruane, Brendan J"]
[Black "Coleman, David J"]
[Result "0-1"]
[BlackElo "2055"]
[WhiteElo "1838"]
[LiveChessVersion "1.4.8"]

1. b3 d5 2. Bb2 {[%clk 1:49:53]} Bg4 {[%clk 1:50:03]} 3. f3 {[%clk 1:49:46]} Bh5
{[%clk 1:49:58]} 4. g4 {[%clk 1:49:38]} Bg6 {[%clk 1:49:32]} 5. e3
{[%clk 1:47:07]} Nd7 {[%clk 1:44:25]} 6. Ne2 {[%clk 1:46:02]} e5 {[%clk 1:41:02]}
7. Ng3 {[%clk 1:43:12]} h5 {[%clk 1:34:56]} 8. Nc3 {[%clk 1:38:06]} c6
{[%clk 1:31:59]} 9. Rg1 {[%clk 1:25:03]} hxg4 {[%clk 1:31:04]} 10. fxg4
{[%clk 1:24:57]} Rxh2 {[%clk 1:30:24]} 11. Rg2 {[%clk 1:22:02]} Rxg2
{[%clk 1:25:45]} 12. Bxg2 {[%clk 1:22:10]} Qh4 {[%clk 1:25:19]} 13. Nce2
{[%clk 1:17:01]} Ngf6 {[%clk 1:20:53]} 0-1

[Event "Hastings International"]
[Site "?"]
[Date "2018.01.07"]
[Round "14.8"]
[White "Hamilton, Michael J"]
[Black "Colburn, Paul J"]
[Result "1-0"]
[BlackElo "1927"]
[WhiteElo "1643"]
[LiveChessVersion "1.4.8"]

1. c4 {[%clk 1:50:15]} c5 {[%clk 1:49:41]} 2. g3 {[%clk 1:50:17]} g6
{[%clk 1:49:47]} 3. Bg2 {[%clk 1:50:20]} Bg7 {[%clk 1:49:55]} 4. Nc3
{[%clk 1:50:14]} Nc6 {[%clk 1:50:02]} 5. a3 {[%clk 1:50:12]} a5 {[%clk 1:49:30]}
6. Nh3 {[%clk 1:45:16]} e5 {[%clk 1:47:57]} 7. f4 {[%clk 1:42:24]} d6
{[%clk 1:46:53]} 8. O-O {[%clk 1:41:03]} Nge7 {[%clk 1:46:29]} 9. Nf2
{[%clk 1:31:59]} O-O {[%clk 1:46:09]} 10. Nd3 {[%clk 1:25:54]} Be6
{[%clk 1:45:53]} 11. Nd5 {[%clk 1:24:13]} Rb8 {[%clk 1:43:52]} 12. fxe5
{[%clk 1:10:10]} Nxe5 {[%clk 1:43:45]} 13. Nxe5 {[%clk 1:08:11]} dxe5
{[%clk 1:42:57]} 14. Nxe7+ {[%clk 1:02:55]} Qxe7 {[%clk 1:43:04]} 15. d3
{[%clk 1:01:49]} Rfd8 {[%clk 1:40:40]} 16. Qd2 {[%clk 0:58:59]} Bxc4
{[%clk 1:37:39]} 17. Qxa5 {[%clk 0:58:58]} b6 {[%clk 1:37:31]} 18. Qa4
{[%clk 0:56:07]} b5 {[%clk 1:36:41]} 19. Qc2 {[%clk 0:54:37]} Bd5
{[%clk 1:36:40]} 20. Be3 {[%clk 0:53:45]} Bxg2 {[%clk 1:35:56]} 21. Kxg2
{[%clk 0:53:49]} Rbc8 {[%clk 1:33:54]} 22. h4 {[%clk 0:49:42]} c4
{[%clk 1:29:20]} 23. dxc4 {[%clk 0:48:28]} Rxc4 {[%clk 1:29:28]} 24. Qb3
{[%clk 0:48:03]} Qb7+ {[%clk 1:29:35]} 25. Kh2 {[%clk 0:47:49]} Rg4
{[%clk 1:25:20]} 26. a4 {[%clk 0:44:50]} b4 {[%clk 1:25:01]} 27. a5
{[%clk 0:43:45]} h6 {[%clk 1:17:03]} 28. a6 {[%clk 0:32:17]} Qe7 {[%clk 1:16:39]}
29. Kh3 {[%clk 0:30:20]} Qd7 {[%clk 1:15:57]} 30. Rxf7 {[%clk 0:28:56]} Rxh4+
{[%clk 1:15:26]} 31. Kxh4 {[%clk 0:28:57]} g5+ {[%clk 1:15:30]} 32. Kh5
{[%clk 0:26:19]} Qh3+ {[%clk 1:12:37]} 33. Kg6 {[%clk 0:26:19]} Kh8
{[%clk 1:12:45]} 34. Raf1 {[%clk 0:17:59]} Rg8 {[%clk 1:03:53]} 35. R7f5
{[%clk 0:15:07]} e4 {[%clk 1:02:19]} 36. Qxg8+ {[%clk 0:12:21]} Kxg8
{[%clk 1:02:26]} 37. a7 {[%clk 0:12:13]} 1-0

[Event "Hastings International"]
[Site "?"]
[Date "2018.01.07"]
[Round "14.9"]
[White "Faulkner, Martin J"]
[Black "Bennet-Stevens, Lucy"]
[Result "0-1"]
[BlackElo "1669"]
[WhiteElo "1813"]
[LiveChessVersion "1.4.8"]

1. c4 {[%clk 1:50:17]} Nf6 {[%clk 1:49:58]} 2. Nc3 {[%clk 1:50:20]} e6
{[%clk 1:49:45]} 3. e4 {[%clk 1:50:25]} Nc6 {[%clk 1:48:38]} 4. d4
{[%clk 1:50:08]} d5 {[%clk 1:48:02]} 5. e5 {[%clk 1:49:44]} Ng8 {[%clk 1:47:06]}
6. Nf3 {[%clk 1:49:10]} Nge7 {[%clk 1:45:53]} 7. Bg5 {[%clk 1:48:07]} Qd7
{[%clk 1:43:13]} 8. Rc1 {[%clk 1:42:09]} h6 {[%clk 1:42:43]} 9. Bxe7
{[%clk 1:37:30]} Bxe7 {[%clk 1:42:03]} 10. cxd5 {[%clk 1:32:41]} exd5
{[%clk 1:40:51]} 11. Qb3 {[%clk 1:31:17]} O-O {[%clk 1:14:34]} 12. Qxd5
{[%clk 1:20:18]} Qf5 {[%clk 1:11:56]} 13. Qe4 {[%clk 1:18:20]} Qxe4+
{[%clk 1:08:44]} 14. Nxe4 {[%clk 1:18:24]} Rd8 {[%clk 1:08:29]} 15. Be2
{[%clk 1:04:58]} Bb4+ {[%clk 1:06:29]} 16. Kf1 {[%clk 0:59:14]} Nxd4
{[%clk 0:59:08]} 17. Rxc7 {[%clk 0:46:31]} Nc6 {[%clk 0:57:09]} 18. Nd6
{[%clk 0:35:02]} Bxd6 {[%clk 0:53:26]} 19. exd6 {[%clk 0:35:09]} Rxd6
{[%clk 0:53:13]} 20. h3 {[%clk 0:25:48]} Rb8 {[%clk 0:49:04]} 21. Kg1
{[%clk 0:22:39]} Be6 {[%clk 0:48:11]} 22. Kh2 {[%clk 0:20:52]} Bxa2
{[%clk 0:47:21]} 23. Bb5 {[%clk 0:19:09]} a6 {[%clk 0:45:55]} 24. Bxc6
{[%clk 0:18:09]} Rxc6 {[%clk 0:43:48]} 25. Rd7 {[%clk 0:15:55]} Rc2
{[%clk 0:42:01]} 26. b4 {[%clk 0:11:59]} Rxf2 {[%clk 0:40:02]} 27. Rhd1
{[%clk 0:08:06]} Be6 {[%clk 0:38:38]} 28. Rc7 {[%clk 0:07:43]} Rb2
{[%clk 0:38:10]} 29. Rd4 {[%clk 0:07:42]} b5 {[%clk 0:35:26]} 30. Ne5
{[%clk 0:07:32]} Rb6 {[%clk 0:31:58]} 31. Rd8+ {[%clk 0:05:50]} Kh7
{[%clk 0:31:52]} 32. Re7 {[%clk 0:05:43]} Rxb4 {[%clk 0:22:28]} 33. Ree8
{[%clk 0:05:04]} g6 {[%clk 0:22:13]} 34. Nd3 {[%clk 0:02:34]} Rc4
{[%clk 0:17:24]} 35. Ne5 {[%clk 0:02:21]} Rc7 {[%clk 0:16:19]} 36. Nf3
{[%clk 0:01:35]} Kg7 {[%clk 0:15:33]} 37. Nd2 {[%clk 0:01:44]} f5
{[%clk 0:14:30]} 38. Nf3 {[%clk 0:01:49]} Kf6 {[%clk 0:13:51]} 39. Rh8
{[%clk 0:01:41]} h5 {[%clk 0:13:21]} 40. h4 {[%clk 0:01:48]} b4 {[%clk 0:11:32]}
41. Rhf8+ {[%clk 0:01:00]} Rf7 {[%clk 0:11:11]} 42. Rfe8 {[%clk 0:00:52]} Rd7
{[%clk 0:08:56]} 43. Rf8+ {[%clk 0:00:23]} Ke7 {[%clk 0:08:40]} 44. Rfe8+
{[%clk 0:00:25]} Kd6 {[%clk 0:08:23]} 45. Rb8 {[%clk 0:00:23]} Rxb8
{[%clk 0:07:43]} 46. Rxb8 {[%clk 0:00:32]} a5 {[%clk 0:06:45]} 47. Nd4
{[%clk 0:00:38]} Kc7 {[%clk 0:06:27]} 48. Re8 {[%clk 0:00:30]} Rxd4
{[%clk 0:06:00]} 49. Rxe6 {[%clk 0:00:39]} b3 {[%clk 0:05:56]} 50. Re2
{[%clk 0:00:36]} Rb4 {[%clk 0:05:56]} 0-1

[Event "Hastings International"]
[Site "?"]
[Date "2018.01.07"]
[Round "14.10"]
[White "Balaji, Aaravamudhan"]
[Black "Wilson, Matthew R"]
[Result "1/2-1/2"]
[BlackElo "1782"]
[WhiteElo "1865"]
[LiveChessVersion "1.4.8"]

1. d4 {[%clk 1:50:13]} Nf6 {[%clk 1:50:16]} 2. c4 {[%clk 1:50:16]} e6
{[%clk 1:50:23]} 3. Nc3 {[%clk 1:50:15]} d5 {[%clk 1:50:29]} 4. Nf3
{[%clk 1:50:09]} Be7 {[%clk 1:49:45]} 5. Bg5 {[%clk 1:49:42]} h6 {[%clk 1:49:20]}
6. Bh4 {[%clk 1:49:22]} O-O {[%clk 1:48:06]} 7. e3 {[%clk 1:48:54]} b6
{[%clk 1:41:29]} 8. Be2 {[%clk 1:47:31]} Bb7 {[%clk 1:41:06]} 9. O-O
{[%clk 1:45:32]} c5 {[%clk 1:37:55]} 10. Rc1 {[%clk 1:39:41]} Nbd7
{[%clk 1:35:31]} 11. b3 {[%clk 1:37:01]} dxc4 {[%clk 1:30:21]} 12. bxc4
{[%clk 1:35:38]} Ne4 {[%clk 1:28:25]} 13. Bxe7 {[%clk 1:29:08]} Qxe7
{[%clk 1:27:51]} 14. Nxe4 {[%clk 1:28:24]} Bxe4 {[%clk 1:27:48]} 15. Nd2
{[%clk 1:27:08]} Bb7 {[%clk 1:23:31]} 16. Bf3 {[%clk 1:25:00]} Bxf3 17. Nxf3
{[%clk 1:24:09]} Rfd8 {[%clk 1:21:49]} 18. Qe2 {[%clk 1:21:48]} Rac8 19. Rfd1
cxd4 {[%clk 1:13:35]} 20. exd4 {[%clk 1:12:14]} Qb4 {[%clk 1:05:12]} 21. h3
{[%clk 1:05:54]} Nf6 {[%clk 1:00:03]} 22. Ne5 {[%clk 0:57:02]} Rc7
{[%clk 0:59:38]} 23. Qf3 {[%clk 0:43:41]} Qb2 {[%clk 0:57:24]} 24. Qb3
{[%clk 0:42:20]} Qe2 {[%clk 0:53:18]} 25. Re1 {[%clk 0:28:09]} Qd2
{[%clk 0:52:38]} 26. Red1 {[%clk 0:27:36]} Qe2 {[%clk 0:51:11]} 27. Nf3
{[%clk 0:24:59]} Qe4 {[%clk 0:49:51]} 28. Qe3 {[%clk 0:23:29]} Qb7
{[%clk 0:49:03]} 29. Ne5 {[%clk 0:21:31]} Nd7 {[%clk 0:44:50]} 30. Ng4
{[%clk 0:15:29]} h5 {[%clk 0:43:19]} 31. Qg5 {[%clk 0:14:27]} Rdc8
{[%clk 0:36:26]} 32. Qxh5 {[%clk 0:06:36]} Rxc4 {[%clk 0:35:27]} 33. Rxc4
{[%clk 0:06:06]} Rxc4 {[%clk 0:35:33]} 34. Qg5 {[%clk 0:04:54]} Qc8
{[%clk 0:25:28]} 35. Rd3 {[%clk 0:04:18]} Kf8 {[%clk 0:19:17]} 36. Ne5
{[%clk 0:03:04]} f6 37. Ng6+ {[%clk 0:02:13]} Kf7 {[%clk 0:15:52]} 38. Qh5
{[%clk 0:01:54]} Rc1+ {[%clk 0:12:49]} 39. Kh2 Ke8 {[%clk 0:11:24]} 40. Qh8+
{[%clk 0:01:04]} Kf7 {[%clk 0:11:20]} 41. Qh5 {[%clk 0:01:08]} Ke8
{[%clk 0:11:27]} 42. Nf4+ {[%clk 0:00:37]} Ke7 {[%clk 0:08:25]} 43. d5
{[%clk 0:00:34]} Ne5 {[%clk 0:03:21]} 44. Rg3 Rh1+ {[%clk 0:03:28]} 45. Kxh1
{[%clk 0:00:39]} Qc1+ {[%clk 0:03:36]} 46. Kh2 {[%clk 0:00:45]} Qxf4 47. dxe6
{[%clk 0:00:32]} Kxe6 {[%clk 0:02:54]} 48. Qe8+ {[%clk 0:00:30]} Kd6
{[%clk 0:02:33]} 49. Qf8+ {[%clk 0:00:24]} Kc6 {[%clk 0:02:12]} 50. Qxg7
{[%clk 0:00:25]} a5 {[%clk 0:01:28]} 51. Qe7 {[%clk 0:00:16]} Ng4+
{[%clk 0:00:52]} 52. hxg4 {[%clk 0:00:16]} Qh6+ {[%clk 0:01:01]} 53. Kg1
{[%clk 0:00:15]} Qc1+ {[%clk 0:01:10]} 54. Kh2 {[%clk 0:00:24]} Qh6+
{[%clk 0:01:19]} 55. Rh3 {[%clk 0:00:20]} Qf4+ {[%clk 0:01:28]} 56. Kh1
{[%clk 0:00:23]} Qc1+ {[%clk 0:01:35]} 57. Kh2 {[%clk 0:00:23]} Qf4+
{[%clk 0:01:44]} 58. g3 {[%clk 0:00:32]} Qxf2+ {[%clk 0:01:52]} 59. Kh1
{[%clk 0:00:38]} Qf1+ {[%clk 0:02:01]} 60. Kh2 {[%clk 0:00:46]} Qf2+
{[%clk 0:02:10]} 1/2-1/2